Determinación del impacto que generan los trabajos finales de graduación de la Escuela de Ingeniería Industrial en el sector productivo nacional.
Gardado en:
| Autor Principal: | |
|---|---|
| Outros autores: | |
| Formato: | Libro |
| Idioma: | Spanish |
| Publicado: |
[San José , Costa Rica]
[1994]
|
| Materias: | |
| Etiquetas: |
Engadir etiqueta
Sen Etiquetas, Sexa o primeiro en etiquetar este rexistro!
|
MARC
| LEADER | 00000nam a22000007a 4500 | ||
|---|---|---|---|
| 003 | 007670 | ||
| 005 | 20240205104248.0 | ||
| 008 | 171129b1995 cr a|||| m||| |0| ||spa d | ||
| 040 | |c cru CEDI | ||
| 090 | |a TFG 3279 | ||
| 100 | |a Campos Quesada, Francisco, 1962- |9 2271 | ||
| 245 | |a Determinación del impacto que generan los trabajos finales de graduación de la Escuela de Ingeniería Industrial en el sector productivo nacional. | ||
| 260 | |a [San José , Costa Rica] |c [1994] | ||
| 300 | |a 90, [111] hojas. | ||
| 500 | |a Proyecto de graduación (licenciatura en ingeniería industrial)--Universidad de Costa Rica. Facultad de Ingeniería. Escuela de Ingeniería Industrial | ||
| 501 | |a Directora de Proyecto de Graduación: Inga. Elizabeth Coto Chinchilla, Msc. | ||
| 610 | 0 | |a UNIVERSIDAD DE COSTA RICA. FACULTAD DE INGENIERIA. ESCUELA DE INGENIERIA INDUSTRIAL - TESIS |9 2273 | |
| 650 | |x TESIS Y DISERTACIONES ACADEMICAS |x INGENIERIA INDUSTRIAL - INVESTIGACIONES |9 10774 | ||
| 700 | |a Coto Chinchilla, Elizabeth, 1953- |d Directora del TFG |9 2266 | ||
| 942 | |c TFG |h TFG 3279 |i 007670 |6 TFG_3279_007670000000000 | ||
| 999 | |c 19409 |d 19409 | ||
